A Dunántúl Kogutowicz Károly professzor könyve

Elmentve itt :
Bibliográfiai részletek
Dokumentumtípus: Cikk
Megjelent: 1929-12-07
Sorozat:Délmagyarország 5 No. 279
Kulcsszavak:Kogutowicz Károly, Könyvismertető
Online Access:http://dmarchiv.bibl.u-szeged.hu/31845
LEADER 00445nab a2200145 i 4500
001 delm31845
005 20180927103428.0
008 180927s1929 hu o 0|| hun d
040 |a SZTE Délmagyarország Archívum  |b hun 
041 |a hun 
245 0 2 |a A Dunántúl   |h [elektronikus dokumentum] :  |b Kogutowicz Károly professzor könyve 
260 |c 1929-12-07 
300 |a 4 
490 0 |a Délmagyarország  |v 5 No. 279 
695 |a Kogutowicz Károly, Könyvismertető